| 000 | 00947nam a2200289 i 4500 | ||
|---|---|---|---|
| 003 | EG-GICUC | ||
| 005 | 20260128145132.0 | ||
| 008 | 260127s1987 sw ||||fr|||| 000 0 fre d | ||
| 020 | _a03787370 | ||
| 040 |
_aEG-GiCUC _bfre _cEG-GiCUC _dEG-GiCUC _eRda |
||
| 082 | 0 | 4 |
_221 _a341.3 _bJU |
| 092 | 0 | 4 | _221 |
| 099 | _aLaw1 11 341.3 JU 1987 | ||
| 245 | 0 | 0 | _aJugements Du Tribunal Administratif De L'organisation Internationale Du Travail / |
| 264 | 1 |
_aGeneve : _bBureau International Du Travail, _c1988. |
|
| 300 |
_a876page : _billustration ; _c 24 cm. |
||
| 336 |
_2rda contenu _a texte |
||
| 337 |
_2rda medias _aOrdinateur |
||
| 338 |
_2 transporteur rda _a Ressource en ligne |
||
| 504 | _aBibliography: pages 200-250. 240-220 | ||
| 546 | _aTexte en français | ||
| 650 | 1 | 4 |
_aDroit international public _2 |
| 651 | 1 | _2 | |
| 856 | 4 | 0 | _uhttps://fll.law.cu.edu.eg/fulltext/bks/B11-05390.pdf |
| 905 | _a50 | ||
| 942 |
_2ddc _cBK _e21 _n0 |
||
| 999 |
_c59770 _d59770 |
||